Tilastot visalle Yleistieto #32

Klikkaa tästä pelataksesi tätä visaa!

Yleistilastot

  • Tätä visaa on pelattu 504 kertaa
  • Keskiarvotulos 7 / 15

Vastaustilastot

VinkkiVastaus% Oikein
Minkä kaupungin kaupunginosia ovat Kallio ja Punavuori?Helsingin
94%
Millä nimellä kutsutaan japanilaista sarjakuvaa?Manga
81%
Mikä on Alankomaiden toiseksi suurin kaupunki?Rotterdam
57%
Mikä on Kolumbian pääkaupunki?Bogota
56%
Missä bändissä Albert Järvinen soitti kitaraa?Hurriganes
52%
Kenen hitti on "Tahdon Rakastella Sinua"?Pelle Miljoonan
52%
Mikä on Uuden Seelannin suurin kaupunki?Auckland
42%
Mikä on Elvis Presleyn kodin nimi?Graceland
40%
Mistä maasta Mila Kunis on kotoisin?Ukrainasta
36%
Missä Yhdysvaltojen osavaltiossa on Boston?Massachusettsissa
35%
Missä on maailman suurin puukirkko?Kerimäellä
31%
Mikä on Etelä-Amerikan suurin järvi?Titicaca
26%
Kuka on maalannut Tampereen Tuomiokirkon freskot?Hugo Simberg
22%
Mistä kasvista tehdään tequilaa?Agave-kasvista
21%
Kenen taiteilijan työhuone/studio oli nimeltään The Factory?Andy Warholin
18%

Tulosjakauma

Persentiili vastausten määrän mukaan

Jokaisen tuloksen saaneiden osuus

Tuloshistoriasi

Et ole pelannut tätä visaa